Comparing public policies : new concepts and methods /

Saved in:
Bibliographic Details
Other Authors: Ashford, D. E. (Douglas Elliott), 1928-
Format: Book
Language:English
Published: Beverly Hills, Calif. : Sage Publications, c1978.
Series:Sage yearbooks in politics and public policy ; v. 4
Subjects:
LEADER 01097nam a2200289 a 4500
001 c000377782
003 CARM
005 20161018180306.0
008 780718s1978 cau b 00100 eng
019 1 |a 1203713  |z 27524819  |5 LACONCORD2021 
020 |a 0803909047 
020 |a 0803909055 (pbk.) 
035 |a (OCoLC)3697225  |5 LACONCORD2021 
040 |d WaPS  |d NNCU 
050 0 0 |a JF51  |b .C623 
082 1 |a 320.3  |2 19 
245 0 0 |a Comparing public policies :  |b new concepts and methods /  |c Douglas E. Ashford, editor. 
260 |a Beverly Hills, Calif. :  |b Sage Publications,  |c c1978. 
300 |a 254 p. ;  |c 23 cm. 
490 0 |a Sage yearbooks in politics and public policy ;  |v v. 4 
504 |a Includes bibliographies and indexes. 
650 0 |a Comparative government. 
650 0 |a Policy sciences. 
700 1 |a Ashford, D. E.  |q (Douglas Elliott),  |d 1928- 
852 8 |b CARM  |h A1:AP34E0  |i C09361  |p 0353074  |f BK 
999 f f |i 09a935d1-54db-511c-b59b-e6b5ae0a98fd  |s f356c95e-58a2-55f8-befb-7e0a26f76441 
952 f f |p Can circulate  |a CAVAL  |b CAVAL  |c CAVAL  |d CARM 1 Store  |e C09361  |f A1:AP34E0  |h Other scheme  |i book  |m 0353074